00491nam a2200169 a 4500001001300000003000900013005001700022008004100039020000900080082001800089100001600107245007700123260005300200300000900253500003500262650002400297nice12345678IN_TiNIC20260116015321.0071030s1992 tira grp 000 0 eng  ac5000a230.0954bTHO aThomas, M M aTowards an Indian Christian Theologyb Life and Thought of Some Pioneers aTiruvella bNew Day Publications of India c1992 a208p aincludes index and biblioraphy aChristian-Biography